טוען...

Women of the world: illusion and reality /

מידע ביבליוגרפי
מחברים אחרים: Urmila Phadnis
פורמט: Printed Book
שפה:English
יצא לאור: New Delhi : Vikas, 1978.
LEADER 00422nam a2200121Ia 4500
008 150624b xxu||||| |||| 00| 0 eng d
082 |a 305.42 
245 |a Women of the world:  |b illusion and reality / 
260 |a New Delhi :  |b Vikas,  |c 1978. 
700 |a Urmila Phadnis 
942 |c BK 
999 |c 25257  |d 25257 
952 |0 0  |1 0  |4 0  |6 305_420000000000000_URM_W  |7 0  |9 25256  |a UL  |b UL  |c SEC  |d 1998-09-01  |l 0  |o 305.42 URM/W  |p 36612  |r 2012-10-27  |w 2012-10-27  |y BK